000 00533nam a22002057a 4500
999 _c5917
_d5917
003 OSt
005 20251127141152.0
008 251127b ||||| |||| 00| 0 eng d
020 _a9781728221762
040 _cKH8
082 _aFIC COA
100 _aCoates, Darcy,
_eauthor.
245 _aSmall Horrors /
_cDarcy Coates.
260 _aAmerica ;
_bPoisoned Pen Press ,
_c2022.
300 _a266 pages :
_c21 cm.
650 _aMystery
_vfiction
650 _aCreepy stories
_vfiction
650 _aGhosts
_vfiction
942 _2ddc
_cFIC